logo

RELATOS PARA LA HISTORIA LXXV ANIVERSARIO DE LOS TRES PRIMEROS GRANDES VUELOS (Record no. 63273)

MARC details
000 -CABECERA
campo de control de longitud fija 00483nam a2200169Ia 4500
001 - NÚMERO DE CONTROL
campo de control 27023
005 - FECHA Y HORA DE LA ÚLTIMA TRANSACCIÓN
campo de control 20260407094405.0
008 - CÓDIGOS DE INFORMACIÓN DE LONGITUD FIJA
campo de control de longitud fija 260115s9999 xx 000 0 und d
035 ## - NÚMERO DE CONTROL DEL SISTEMA
Número de control de sistema 17644
090 ## - LOCALMENTE ASIGNADO TIPO-LC NÚMERO DE CLASIFICACIÓN (OCLC); NÚMERO DE CLASIFICACIÓN LOCAL (RLIN)
Número de clasificación (OCLC) (R) ; Numero de clasificación CALL (RLIN) (NR) 355.489
100 ## - PUNTO DE ACCESO PRINCIPAL - NOMBRE DE PERSONA
Nombre de persona RELATOS
245 #0 - MENCIÓN DE TÍTULO
Título RELATOS PARA LA HISTORIA LXXV ANIVERSARIO DE LOS TRES PRIMEROS GRANDES VUELOS
260 ## - PUBLICACIÓN, DISTRIBUCIÓN, ETC. (PIE DE IMPRENTA)
Nombre del editor distribuidor etc. SERVICIO HISTORICO Y CULTURAL DEL EJERCITO DEL AIRE
Fecha de publicación distribución etc. 2001
630 ## - PUNTO DE ACCESO ADICIONAL DE MATERIA--TÍTULO UNIFORME
Título uniforme HAZAÑAS MILITARES
650 ## - PUNTO DE ACCESO ADICIONAL DE MATERIA--TÉRMINO DE MATERIA
Término de materia o nombre geográfico como elemento inicial HAZAÑAS MILITARES
942 ## - ELEMENTOS DE PUNTO DE ACCESO ADICIONAL (KOHA)
Tipo de ítem Koha Monografías
Holdings
Estado de retiro Estado de pérdida Estado dañado No para préstamo Código de colección Localización permanente Ubicación/localización actual Ubicación en estantería Fecha de adquisición Enumeración/cronología de publicación seriada Número de inventario Número de registro Total de préstamos Signatura topográfica completa Código de barras Fecha visto por última vez Número de copia Precio válido a partir de Tipo de ítem Koha Nota pública
          Servicio de Estudios Históricos Servicio de Estudios Históricos   15/04/2002 355.489 23924 23924   17644 FH_27023 05/02/2026 1 05/02/2026 Monografías 30 CTMS. 345 PAGS. MADRID